Orfeo y la religión griega: estudio sobre el movimiento órfico

Na minha lista:
Detalhes bibliográficos
Autor principal: Guthrie, William K. C (Author)
Formato: Livro
Idioma:espanhol
Publicado em: Buenos Aires Eudeba 1970
Edição:1a. ed
Colecção:Temas de Eudeba - Religión
Assuntos:
Tags: Adicionar Tag
Sem tags, seja o primeiro a adicionar uma tag!

MARC

LEADER 00000cam a2200000 a 4500
001 UCP5282
003 CL-VaPUC
008 990903e19700000AG |||||||||||||||||spa|d
082 0 4 |a 292.08  |b GUT  |2 21 
100 |a Guthrie, William K. C  |e author  |9 579049 
245 1 0 |a Orfeo y la religión griega: estudio sobre el movimiento órfico 
250 |a 1a. ed 
300 |a 285 p 
942 |c BK 
945 |d 19990903 00:00:00  |a crobeson 
260 |a Buenos Aires  |b Eudeba  |c 1970 
600 0 7 |a ORFEO  |2 CL-VaPUC  |9 433586 
650 0 |a Religiones antiguas  |9 314285 
650 7 |a ORFISMO  |2 CL-VaPUC  |9 433587 
650 0 |a Mitología griega   |9 265313 
650 0 |a Mitología clásica  |9 265586 
651 0 |a Grecia  |9 265314 
583 |a last modification  |c 20170404 09:10:40  |k Rodrigo Vera 
490 0 |a Temas de Eudeba - Religión 
999 |c 283050  |d 283048 
952 |0 0  |1 0  |4 0  |6 292_080000000000000_GUT_1970  |7 0  |8 A  |9 325798  |a BIBHIS  |b BIBHIS  |d 2019-11-20  |i 1357069  |o 292.08 GUT 1970  |p 1357069  |r 2025-01-20  |w 2019-11-20  |y BK  |k HIS 
952 |0 0  |1 0  |3 erb  |4 0  |6 292_080000000000000_GUT_1970  |7 0  |8 A  |9 325799  |a BIBART  |b BIBART  |i 5386055  |o 292.08 GUT 1970  |p 5386055  |r 2025-03-13  |w 2019-11-20  |y BK  |z Catalogado en:20170407  |k ART